000 01078nam0a22003131 4500
001 RU\INFOCOMM_322\NLR\5000160930
005 20250613110240.0
035 _a(NLR Aleph) 009554319
090 _a9027881
_c9027881
100 _a20130208d1978 |||y0rusy50 ca
101 0 _aeng
102 _aRU
105 _ay z |||||
200 1 _aShort distance topological instability of defects in nematics
_fI. F. Lyuksyutov
210 _aChernogolovka
_d1978
215 _a5 с.
_cсхем.
_d22 см
225 1 _aPreprint
_fThe Acad. of sciences of the USSR, L. D. Landau inst. for theoretical physics
300 _a"Submitted to ZhETF, Jan. 1978"
320 _aБиблиогр.: с. 4
606 0 _aАнизотропные жидкости
_xДефекты
_9983454
_3RU\NLR\AUTH\6652209
620 _aЧерноголовка
686 _aВ371.235
_2rubbk
700 1 _9z01790
_aLjuksjutov
_bI. F.
790 1 _9z01700
_aLyuksyutov
_bI. F.
_4070
801 1 _aRU
_bInfocomm
_c20130208
801 0 _aRU
_bINFOCOMM
_gPSBO
852 _aNLR
_jФз01 Д-6/106
942 _cBOOK
980 _aNB